00505 a2200121 4500001001000000005001700010008004100027245013700068100002200205700001900227773012000246999001700366ART_3026420260410161918.0260409a 10aEl estado de valor económico generado y distribuido: una herramienta de comunicación de la responsabilidad social organizacional1 aJugón, Mónica1 aPastor, Sandra0 tDocumentos de trabajo de contabilidad, auditoría y responsabilidad socialg- Año 4, Nº 7 (jun. 2014)wREV14385 c27467d27467